Nexos : año 21, volumen 21, número 245, mayo 1998 /
Aparecida en 1978, Nexos ha ofrecido una mirada interdisciplinaria y crítica sobre la situación política en México, visión enriquecida con preocupaciones antropológicas, historiográficas, literarias, culturales, científicas y socioeconómicas. Fue dirigida en sus primeros números y hasta 1982, por En...
Saved in:
| Other Authors: | |
|---|---|
| Format: | Book |
| Language: | Español |
| Published: |
México :
Nexos, Sociedad, Ciencia y Literatura,
1998
|
| Series: | (Nexos: Sociedad, Ciencia y Literatura ;
213) |
| Subjects: | |
| Tags: |
No Tags, Be the first to tag this record!
|
MARC
| LEADER | 00000nam^a2200000^a^4500 | ||
|---|---|---|---|
| 001 | 000630244 | ||
| 005 | 20260413000000.0 | ||
| 009 | 20260413195720.702 | ||
| 022 | |a 0185-1535 | ||
| 037 | |a Acervo ITESO - Biblioteca | ||
| 041 | |a ESP | ||
| 082 | |a 805. |b NEX V. 245 | ||
| 240 | 1 | 1 | |a [Nexos] |
| 245 | 0 | 0 | |a Nexos : |b año 21, volumen 21, número 245, mayo 1998 / |c Dir. de L.M. Aguilar. |
| 264 | 1 | |a México : |b Nexos, Sociedad, Ciencia y Literatura, |c 1998 | |
| 300 | |a 104 p. | ||
| 336 | |a texto |b txt |2 rdacontenido | ||
| 337 | |a sin mediación |b n |2 rdamedio | ||
| 338 | |a volumen |b nc |2 rdasoporte | ||
| 440 | 1 | |a (Nexos: Sociedad, Ciencia y Literatura ; |v 213) | |
| 520 | |a Aparecida en 1978, Nexos ha ofrecido una mirada interdisciplinaria y crítica sobre la situación política en México, visión enriquecida con preocupaciones antropológicas, historiográficas, literarias, culturales, científicas y socioeconómicas. Fue dirigida en sus primeros números y hasta 1982, por Enrique Florescano; a partir de entonces y hasta 1995 la dirigió su dueño, el comunicador e historiador Héctor Aguilar Camín, quien fue relevado del puesto por Luis Miguel Aguilar, hasta 2003. Posteriormente, hasta finales de 2008, José Woldenberg la dirigió; entonces, nuevamente, Aguilar Camín volvió a asumir el cargo. | ||
| 567 | |a Catalogación rápida | ||
| 649 | |a XX | ||
| 650 | |a Literatura y Sociedad - |x Publicaciones Periódicas - |x Tema Principal | ||
| 650 | |a Literatura - |x Publicaciones Periódicas - |x Tema Principal | ||
| 650 | |a Publicaciones Periódicas Mexicanas | ||
| 650 | |a Publicaciones Periódicas | ||
| 700 | |a Aguilar, Luis Miguel |e (dirección) | ||
| 910 | |a Fondo Castillo-Martínez | ||
| 920 | |a Impresos - Libros | ||
| 930 | |a Fondos Especiales | ||
| 940 | |a Literatura | ||
| 905 | |a 127 | ||
| 901 | |a 630244-10 |b IT2 |c ESP |i D124704 |u 20260413 | ||
| 902 | |a https://opac.biblio.iteso.mx/vufind/Record/000630244 | ||